000 00518nam a2200205Ia 4500
005 20140407084030.0
008 140130s9999 xx 000 0 und d
020 _a9780590400251
050 _aRC 113
_b.M24 1995
100 _aMay, John
245 _cJohn May
_aMagic School Bus :
_bInside Ralphie /
260 _bScholastic,
_c1995.
_aNew York :
300 _a1 v. (unpaged) :
_bcol. ill. ;
_c21 cm.
440 _v1
521 _aG2
526 _c470
942 _cBK
_2lcc
999 _c40436
_d40436